000 00714nam a2200205 a 4500
001 BRCA_3686
005 20190320204401.0
008 930719s1991 mx-a---###---#000-0#spa-#
041 _aspa
044 _amx
050 4 _aF1391.P8
_b.Q5686 1991
100 1 _aMaría y Campos, Armando de
_d1897-1967
_99568
245 1 0 _aLa muerte equivocada de Gutierre de Cetina
_bpoeta sevillano del siglo XVI
_cArmando de María y Campos.
260 _aPuebla, México
_bGobierno del Estado de Puebla ; Comisión Puebla V Centenario
_c1991
300 _a99 p.
_c23 cm.
440 0 _aColección V Centenario
_99569
600 1 4 _aGutierre de Cetina
_d1520-1557
_99570
651 4 _aPuebla (México)
_xHistoria
_9409
942 _2lcc
_cB
999 _c3417
_d3417